000 00543nam a2200181Ia 4500
003 GCL
008 140319s9999 xx 000 0 ara d
040 _aGCL /
_cGCL
082 0 4 _a525.3
_bع ا
100 1 _aعبدالستار الهوارى
245 1 0 _aالارض لا تدور : نظرية /
_cعبدالستار الهوارى
300 _a95 ص
490 _aالهيئة العامة للاستعلامات
_v0
650 0 4 _aالارض
650 0 4 _aالجغرافيا الفلكية
650 0 4 _aالجبال
942 _2ddc
_cBK
999 _c47388
_d47388